00350nam a2200121Ia 4500003000400000005001700004008004100021040001800062041000800080100004500088245005900133260003600192OSt20260127100952.0211028s2017 xx 000 0 und d cAIMIT LIBRARY aeng aPhilip, Nidhin; Pereira, Divya.g1516100 aStudy on dealers perception towards neema industries / aMangalorebDivya Pereira.c2017